000 00659nam a22002537a 4500
999 _c365011
_d365011
001 78691
003 UA-OsUOA
005 20191120101844.0
007 ta
008 20111018b un ||||| |||| 00| 0 ukr d
020 _a5-7707-2679-2
040 _aUA-OsUOA
_brus
_cUA-OsUOA
_dUA-OsUOA
041 _arus
080 _a821.161.1
090 _a821.161.1
_bГ61
100 _aГолон А.
245 _aАнжелика и султан
260 _aМ.
_bМЧП "Ковочег"
_c1992
300 _a415 с.
650 7 _a82 Література. Літературознавство
_2UDC
700 _aГолон С.
942 _cBK
_2udc
955 _a3